SIFIR KİLOMETRE-IŞIKLAR SANA EVİNİN YOLUNU GÖSTERECEK (Record no. 989411)
[ view plain ]
| 000 -LEADER | |
|---|---|
| sabit uzunluktaki kontrol alanı | 00285nam a2200097Ia 4500 |
| 001 - KONTROL NUMARASI | |
| kontrol alanı | 989411 |
| 005 - EN SON İŞLEMİN TARİH VE ZAMANI | |
| kontrol alanı | 20250826221156.0 |
| 008 - SABİT-UZUNLUKTA VERİ ÖĞELERİ--GENEL BİLGİ | |
| sabit uzunluktaki kontrol alanı | 250824s9999 xx 000 0 und d |
| 245 #0 - ESER / YAZAR | |
| ESER ADI | SIFIR KİLOMETRE-IŞIKLAR SANA EVİNİN YOLUNU GÖSTERECEK |
| Yazar Adı | BEYZA ALKOÇ |
| 260 ## - YAYIN, DAĞITIM, VB. | |
| YAYIN EVİ | İNDİGO YAYINLARI |
No items available.